000 00596nam a2200205Ia 4500
008 240729s9999 xx 000 0 und d
022 _a2643-8909
245 0 _aAging and Cancer
260 _aUnited States
260 _bWiley
650 _a Geriatrics
650 _a Internal medicine
650 _a Internal medicine
650 _a Neoplasms. Tumors. Oncology. Including cancer and carcinogens | Medicine
650 _a Special situations and conditions
650 _aMedicine
856 _uhttps://doaj.org/toc/b57d27b057094891834f37acc2de302c
942 _2ddc
942 _cDOAJEJ
999 _c72578
_d72578
945 _a1
_bMadushi Gamage
_c1
_dMadushi Gamage